OBJECT-ORIENTED PROGRAMMING WITH C++ AND OSF/MOTIF (Registro nro. 9872)
[ vista simple ]
| 000 -LEADER | |
|---|---|
| fixed length control field | 00473nam a2200157 a 4500 |
| 001 - CONTROL NUMBER | |
| control field | 9872 |
| 005 - DATE AND TIME OF LATEST TRANSACTION | |
| control field | 20180713193910.0 |
| 008 - FIXED-LENGTH DATA ELEMENTS--GENERAL INFORMATION | |
| fixed length control field | 140415s1992 000 0 spa d |
| 041 ## - LANGUAGE CODE | |
| Language code of text/sound track or separate title | spa |
| 082 ## - DEWEY DECIMAL CLASSIFICATION NUMBER | |
| Classification number | 001.642407 |
| Item number | YOU |
| 100 1# - MAIN ENTRY--PERSONAL NAME | |
| Personal name | YOUNG, DOUGLAS A. |
| 245 10 - TITLE STATEMENT | |
| Title | OBJECT-ORIENTED PROGRAMMING WITH C++ AND OSF/MOTIF |
| 260 ## - PUBLICATION, DISTRIBUTION, ETC. | |
| Place of publication, distribution, etc. | [s.l.] : |
| Name of publisher, distributor, etc. | PTR PRENTICE HALL, |
| Date of publication, distribution, etc. | 1992 |
| 300 ## - PHYSICAL DESCRIPTION | |
| Extent | 434 |
| 650 14 - SUBJECT ADDED ENTRY--TOPICAL TERM | |
| Topical term or geographic name entry element | C++ Y OSF/MOTIF 8LENGUAJE DE PROGRAMACION PARA COMPUTADORE |
| Withdrawn status | Lost status | Source of classification or shelving scheme | Damaged status | Not for loan | Collection code | Home library | Current library | Shelving location | Date acquired | Source of acquisition | Inventory number | Total Checkouts | Full call number | Barcode | Date last seen | Price effective from | Koha item type |
|---|---|---|---|---|---|---|---|---|---|---|---|---|---|---|---|---|---|
| Dewey Decimal Classification | General | Biblioteca Karol Wojtyla | Biblioteca Karol Wojtyla | Sala general | 03/12/2013 | Compra | 151000000000000000065245 | '001.642407 YOU | 24415 | 05/01/2026 | 03/12/2013 | Libro |